| 000 | 00678nam a2200229 a 4500 | ||
|---|---|---|---|
| 008 | |||
| 020 | _a068318301X (hbk.) | ||
| 049 | _aMAIN | ||
| 090 | 0 | 1 | _aRC1200 |
| 245 | 0 | 0 |
_aExercise and sport sciences reviews. _nVolume 24/ _ceditor John O Holloszy. |
| 260 |
_aBaltimore : _bWilliams and Wilkins, _c1996 |
||
| 300 |
_axiv,512 p. : _bill. ; _c24 cm. |
||
| 321 | _aAnnual. | ||
| 440 | 0 | _aAmerican College of Sports Medicine series. | |
| 650 | 0 | _aSports medicine. | |
| 700 | _aHolloszy, John O | ||
| 907 |
_a.b10140736 _b30-11-04 _c24-11-04 |
||
| 003 | |||
| 005 | 20230123133853.0 | ||
| 040 | _cNUST | ||
| 942 |
_cBOOKS _kRC1200 |
||
| 999 |
_c156040 _d156040 |
||